[Event "ESP-ch Rapid 2018"]
[Site "Linares"]
[Date "2018.08.19"]
[Round "1"]
[White "Martin Rueda, Daniel"]
[Black "Vazquez Gonzalez, Francisco"]
[Result "1-0"]
[WhiteElo "2267"]
[BlackElo "1926"]
[Annotator "NA"]
[PlyCount "71"]
[EventDate "2018.08.19"]
[EventType "team-tourn"]
[EventCountry "ESP"]
[SourceTitle "playchess.com"]
[Source "ChessBase"]
[SourceQuality "1"]
[TimeControl "900+5"]

1. d4 {[%emt 0:00:00]} f5 {[%emt 0:00:00]} 2. Bg5 {[%emt 0:00:01]} Nf6 {[%emt 0:00:00]} 3. Bxf6 {[%emt 0:00:05]} exf6 {[%emt 0:00:01]} 4. e3 {[%emt 0:00:13]} c6 {[%emt 0:00:05]} 5. c4 {[%emt 0:00:09]} Bb4+ {[%emt 0:01:11]} 6. Nc3 {[%emt 0:00:01]} Qa5 {[%emt 0:00:02]} 7. Nge2 {[%emt 0:00:08]} d5 {[%emt 0:00:16]} 8. a3 {[%emt 0:00:25]} Bxc3+ {[%emt 0:00:33]} 9. Nxc3 {[%emt 0:00:02]} dxc4 {[%emt 0:00:14]} 10. Bxc4 {[%emt 0:00:09]} b5 {[%emt 0:00:02]} 11. Ba2 {[%emt 0:03:39]} b4 {[%emt 0:01:09]} 12. axb4 {[%emt 0:00:02]} Qxb4 {[%emt 0:00:01]} 13. O-O {[%emt 0:00:05]} Ba6 {[%emt 0:00:20]} 14. Re1 {[%emt 0:00:32]} Bc4 {[%emt 0:00:04]} 15. Qh5+ {[%emt 0:01:51]} g6 {[%emt 0:00:11]} 16. Qh6 {[%emt 0:00:03]} Bxa2 {[%emt 0:01:38]} 17. Rxa2 {[%emt 0:00:09]} Qf8 {[%emt 0:00:06]} 18. Qf4 {[%emt 0:00:03]} Qf7 {[%emt 0:00:35]} 19. e4 {[%emt 0:00:57]} O-O {[%emt 0:02:27]} 20. exf5 {[%emt 0:00:04]} Re8 {[%emt 0:01:13]} 21. Rxe8+ {[%emt 0:01:34]} Qxe8 {[%emt 0:00:01]} 22. Ra1 {[%emt 0:02:02]} g5 {[%emt 0:01:20]} 23. Qd6 {[%emt 0:00:19]} Kf7 {[%emt 0:01:33]} 24. Qc7+ {[%emt 0:01:02]} Qe7 {[%emt 0:00:04]} 25. Qc8 {[%emt 0:00:03]} Qd7 {[%emt 0:01:09]} 26. Qh8 {[%emt 0:00:04]} Qxf5 {[%emt 0:00:06]} 27. Re1 {[%emt 0:00:13]} Kg6 {[%emt 0:00:35]} 28. Qg8+ {[%emt 0:00:55]} Kh6 {[%emt 0:00:29]} 29. Re3 {[%emt 0:00:35]} g4 {[%emt 0:00:18]} 30. Qf8+ {[%emt 0:00:20]} Kg5 {[%emt 0:00:26]} 31. Ne4+ {[%emt 0:00:09]} Kg6 {[%emt 0:00:17]} 32. Qe8+ {[%emt 0:00:20]} Kh6 {[%emt 0:00:12]} 33. Ng3 {[%emt 0:00:50]} Qb1+ {[%emt 0:00:04]} 34. Re1 {[%emt 0:00:01]} Qg6 {[%emt 0:00:02]} 35. Qf8+ {[%emt 0:00:02]} Qg7 {[%emt 0:00:03]} 36. Nf5+ {[%emt 0:00:01]} 1-0

[Event "ESP-ch Rapid 2018"]
[Site "Linares"]
[Date "2018.08.19"]
[Round "1"]
[White "Jimenez Martinez, Jose Vicente"]
[Black "Ladron De Guevara Bravo, Fermin"]
[Result "1-0"]
[WhiteElo "2243"]
[BlackElo "1672"]
[Annotator "NA"]
[PlyCount "55"]
[EventDate "2018.08.19"]
[EventType "team-tourn"]
[EventCountry "ESP"]
[SourceTitle "playchess.com"]
[Source "ChessBase"]
[SourceQuality "1"]
[TimeControl "900+5"]

1. d4 {[%emt 0:02:24]} d5 {[%emt 0:00:01]} 2. c4 {[%emt 0:00:01]} e6 {[%emt 0:00:03]} 3. Nf3 {[%emt 0:00:02]} c6 {[%emt 0:00:07]} 4. Nc3 {[%emt 0:00:01]} dxc4 {[%emt 0:00:08]} 5. Bg5 {[%emt 0:00:02]} Nf6 {[%emt 0:00:20]} 6. e4 {[%emt 0:00:02]} b5 {[%emt 0:00:06]} 7. e5 {[%emt 0:00:01]} h6 {[%emt 0:00:10]} 8. Bh4 {[%emt 0:00:02]} g5 {[%emt 0:00:02]} 9. Nxg5 {[%emt 0:00:01]} hxg5 {[%emt 0:00:22]} 10. Bxg5 {[%emt 0:00:03]} Be7 {[%emt 0:00:13]} 11. exf6 {[%emt 0:00:02]} Bxf6 {[%emt 0:00:03]} 12. Bxf6 {[%emt 0:00:08]} Qxf6 {[%emt 0:00:02]} 13. Be2 {[%emt 0:00:07]} Bb7 {[%emt 0:00:13]} 14. Bf3 {[%emt 0:00:01]} Nd7 {[%emt 0:00:08]} 15. Nxb5 {[%emt 0:00:41]} Ke7 {[%emt 0:03:11]} 16. Nc3 {[%emt 0:00:14]} Nb6 {[%emt 0:00:23]} 17. Ne4 {[%emt 0:00:22]} Qf4 {[%emt 0:03:26]} 18. Nc5 {[%emt 0:00:18]} Rab8 {[%emt 0:01:50]} 19. g3 {[%emt 0:00:09]} Qf6 {[%emt 0:00:56]} 20. Ne4 {[%emt 0:00:46]} Qg7 {[%emt 0:00:41]} 21. Qd2 {[%emt 0:00:07]} Rhd8 {[%emt 0:02:24]} 22. Qb4+ {[%emt 0:00:19]} Ke8 {[%emt 0:00:44]} 23. Nd6+ {[%emt 0:00:02]} Kd7 {[%emt 0:00:16]} 24. Qc5 {[%emt 0:00:35]} Nd5 {[%emt 0:00:49]} 25. Nxc4 {[%emt 0:00:12]} Kc7 {[%emt 0:00:12]} 26. Rc1 {[%emt 0:00:28]} Ba6 {[%emt 0:00:02]} 27. Ne5 {[%emt 0:00:31]} Bb7 {[%emt 0:00:11]} 28. Nxc6 {[%emt 0:00:05]} 1-0

[Event "ESP-ch Rapid 2018"]
[Site "Linares"]
[Date "2018.08.19"]
[Round "1"]
[White "Carretero Ortiz, Francisco"]
[Black "Fernandez Lopez, Marcos II"]
[Result "1-0"]
[WhiteElo "2241"]
[BlackElo "1780"]
[Annotator "NA"]
[PlyCount "23"]
[EventDate "2018.08.19"]
[EventType "team-tourn"]
[EventCountry "ESP"]
[SourceTitle "playchess.com"]
[Source "ChessBase"]
[SourceQuality "1"]
[TimeControl "900+5"]

1. e4 {[%emt 0:00:00]} e5 {[%emt 0:00:00]} 2. Nf3 {[%emt 0:00:00]} d6 {[%emt 0:00:00]} 3. Bc4 {[%emt 0:00:00]} Be7 {[%emt 0:00:00]} 4. d4 {[%emt 0:00:01]} exd4 {[%emt 0:00:03]} 5. c3 {[%emt 0:00:01]} dxc3 {[%emt 0:00:16]} 6. Qb3 {[%emt 0:00:21]} cxb2 {[%emt 0:02:20]} 7. Bxf7+ {[%emt 0:00:21]} Kf8 {[%emt 0:00:01]} 8. Bxb2 {[%emt 0:00:13]} Bf6 {[%emt 0:00:42]} 9. e5 {[%emt 0:01:35]} dxe5 {[%emt 0:00:43]} 10. Bxg8 {[%emt 0:01:15]} Rxg8 {[%emt 0:00:07]} 11. Ba3+ {[%emt 0:00:11]} Ke8 {[%emt 0:00:30]} 12. Qxg8+ {[%emt 0:00:07] Be7 Ng5+} 1-0

[Event "ESP-ch Rapid 2018"]
[Site "Linares"]
[Date "2018.08.19"]
[Round "1"]
[White "Silva Rodriguez, Fernando"]
[Black "Lozano Aguilar, Juan Francisco"]
[Result "1-0"]
[WhiteElo "2239"]
[BlackElo "1776"]
[Annotator "NA"]
[PlyCount "49"]
[EventDate "2018.08.19"]
[EventType "team-tourn"]
[EventCountry "ESP"]
[SourceTitle "playchess.com"]
[Source "ChessBase"]
[SourceQuality "1"]
[TimeControl "900+5"]

1. d4 {[%emt 0:00:00]} d5 {[%emt 0:00:00]} 2. c4 {[%emt 0:00:00]} dxc4 {[%emt 0:00:00]} 3. e4 {[%emt 0:00:02]} Nf6 {[%emt 0:00:01]} 4. e5 {[%emt 0:00:01]} Nd5 {[%emt 0:00:10]} 5. Bxc4 {[%emt 0:00:03]} Nb6 {[%emt 0:00:09]} 6. Bd3 {[%emt 0:00:44]} Nc6 {[%emt 0:00:35]} 7. Be3 {[%emt 0:00:02]} Nd5 {[%emt 0:00:53]} 8. Nc3 {[%emt 0:00:17]} e6 {[%emt 0:00:46]} 9. Nge2 {[%emt 0:00:14]} Nxe3 {[%emt 0:00:43]} 10. fxe3 {[%emt 0:00:02]} Qg5 {[%emt 0:00:09]} 11. Qd2 {[%emt 0:01:26]} Bb4 {[%emt 0:00:30]} 12. O-O {[%emt 0:00:15]} Nxd4 {[%emt 0:00:32]} 13. Nxd4 {[%emt 0:00:13]} Qxe5 {[%emt 0:00:29]} 14. Rf3 {[%emt 0:00:27]} Bd7 {[%emt 0:00:28]} 15. Qc2 {[%emt 0:00:14]} Bd6 {[%emt 0:00:20]} 16. g3 {[%emt 0:00:40]} c5 {[%emt 0:00:55]} 17. Ndb5 {[%emt 0:00:30]} Bb8 {[%emt 0:01:29]} 18. Be4 {[%emt 0:00:32]} Bc6 {[%emt 0:01:10]} 19. Bxc6+ {[%emt 0:00:08]} bxc6 {[%emt 0:00:02]} 20. Na3 {[%emt 0:00:09]} Qh5 {[%emt 0:00:26]} 21. Qe4 {[%emt 0:00:36]} O-O {[%emt 0:00:13]} 22. Rf2 {[%emt 0:00:24]} Bc7 {[%emt 0:00:18]} 23. Nc4 {[%emt 0:00:17]} Rad8 {[%emt 0:00:34]} 24. Qxc6 {[%emt 0:00:08]} Be5 {[%emt 0:00:13]} 25. Qxc5 {[%emt 0:00:17]} 1-0

[Event "ESP-ch Rapid 2018"]
[Site "Linares"]
[Date "2018.08.19"]
[Round "1"]
[White "Sande Edreira, Jose Antonio"]
[Black "Roldan Marques, Daniel"]
[Result "1-0"]
[WhiteElo "2230"]
[BlackElo "2161"]
[Annotator "NA"]
[PlyCount "57"]
[EventDate "2018.08.19"]
[EventType "team-tourn"]
[EventCountry "ESP"]
[SourceTitle "playchess.com"]
[Source "ChessBase"]
[SourceQuality "1"]
[TimeControl "900+5"]

1. c4 {[%emt 0:00:00]} e5 {[%emt 0:00:00]} 2. g3 {[%emt 0:00:00]} Nf6 {[%emt 0:00:00]} 3. Bg2 {[%emt 0:00:00]} c6 {[%emt 0:00:02]} 4. d4 {[%emt 0:00:04]} e4 $11 {[%emt 0:00:02] LiveBook: 139 Partien} 5. Nc3 {[%emt 0:00:05]} d5 {[%emt 0:00:02]} 6. cxd5 {[%emt 0:00:03]} cxd5 {[%emt 0:00:03]} 7. Bg5 {[%emt 0:00:07]} Nc6 {[%emt 0:02:36]} 8. Nh3 {[%emt 0:00:03]} Bxh3 {[%emt 0:03:13]} 9. Bxh3 {[%emt 0:00:03]} Be7 {[%emt 0:00:41]} 10. O-O {[%emt 0:00:04]} O-O {[%emt 0:00:12]} 11. e3 {[%emt 0:00:04]} Nd7 {[%emt 0:00:29]} 12. Bxe7 {[%emt 0:02:56]} Nxe7 {[%emt 0:00:02]} 13. Qb3 {[%emt 0:00:40]} Nb6 {[%emt 0:00:03]} 14. a4 {[%emt 0:00:32]} Rb8 {[%emt 0:01:16]} 15. Rfc1 {[%emt 0:00:13]} f5 {[%emt 0:00:15]} 16. Bf1 {[%emt 0:00:09]} Qd7 {[%emt 0:01:44]} 17. a5 {[%emt 0:01:49]} Na8 {[%emt 0:00:18]} 18. Rc2 {[%emt 0:02:31]} Nc7 {[%emt 0:00:21]} 19. Rac1 {[%emt 0:00:02]} Ne6 {[%emt 0:00:36]} 20. Nb5 {[%emt 0:00:43]} a6 {[%emt 0:00:27]} 21. Nc7 {[%emt 0:00:04]} Ng5 {[%emt 0:01:36]} 22. Nxd5 {[%emt 0:00:08]} Nxd5 {[%emt 0:01:15]} 23. Rc5 {[%emt 0:00:01]} Rbd8 {[%emt 0:00:47]} 24. Rxd5 {[%emt 0:00:03]} Qf7 {[%emt 0:00:28]} 25. Bc4 {[%emt 0:00:02]} Nf3+ {[%emt 0:00:05]} 26. Kh1 {[%emt 0:00:46]} Nd2 {[%emt 0:00:28]} 27. Rxd8 {[%emt 0:00:03]} Nxb3 {[%emt 0:00:05]} 28. Bxf7+ {[%emt 0:00:17]} Kxf7 {[%emt 0:00:03]} 29. Rc7+ {[%emt 0:00:06]} 1-0

[Event "ESP-ch Rapid 2018"]
[Site "Linares"]
[Date "2018.08.19"]
[Round "1"]
[White "Gomez Sanjuan, Hector Fernando"]
[Black "Garcia Romero, Benjamin Abel"]
[Result "1-0"]
[WhiteElo "2146"]
[BlackElo "2230"]
[Annotator "NA"]
[PlyCount "81"]
[EventDate "2018.08.19"]
[EventType "team-tourn"]
[EventCountry "ESP"]
[SourceTitle "playchess.com"]
[Source "ChessBase"]
[SourceQuality "1"]
[TimeControl "900+5"]

1. d4 {[%emt 0:00:00]} Nf6 {[%emt 0:00:00]} 2. c4 {[%emt 0:00:01]} e6 {[%emt 0:00:05]} 3. Nc3 {[%emt 0:00:04]} d5 {[%emt 0:00:03]} 4. cxd5 {[%emt 0:00:05]} exd5 {[%emt 0:00:02]} 5. Bg5 {[%emt 0:00:04]} c6 {[%emt 0:00:02]} 6. Qc2 {[%emt 0:00:03]} Be7 {[%emt 0:00:03]} 7. e3 {[%emt 0:00:02]} g6 {[%emt 0:00:04]} 8. Bd3 {[%emt 0:00:06]} Na6 {[%emt 0:00:01]} 9. a3 {[%emt 0:00:10]} Nc7 {[%emt 0:00:01]} 10. Nf3 {[%emt 0:00:11]} Ne6 {[%emt 0:00:02]} 11. Bh4 {[%emt 0:00:36]} O-O {[%emt 0:00:11]} 12. O-O {[%emt 0:00:04]} a5 {[%emt 0:01:03]} 13. Rab1 {[%emt 0:00:17]} Ng7 {[%emt 0:00:06]} 14. b4 {[%emt 0:00:17]} axb4 {[%emt 0:00:02]} 15. axb4 {[%emt 0:00:01]} Bf5 {[%emt 0:00:01]} 16. Bxf6 {[%emt 0:01:06]} Bxf6 {[%emt 0:00:06]} 17. b5 {[%emt 0:00:01]} Bxd3 {[%emt 0:00:37]} 18. Qxd3 {[%emt 0:00:02]} Ra3 {[%emt 0:00:07]} 19. bxc6 {[%emt 0:01:21]} bxc6 {[%emt 0:00:04]} 20. Ra1 {[%emt 0:00:01]} Qd6 {[%emt 0:00:07]} 21. Rxa3 {[%emt 0:02:10]} Qxa3 {[%emt 0:00:02]} 22. Qc2 {[%emt 0:01:23]} Rb8 {[%emt 0:04:17]} 23. Rb1 {[%emt 0:00:31]} Rxb1+ {[%emt 0:00:46]} 24. Nxb1 {[%emt 0:00:32]} Qa1 {[%emt 0:00:14]} 25. Nfd2 {[%emt 0:00:19]} Qa6 {[%emt 0:00:13]} 26. g3 {[%emt 0:00:19]} Ne6 {[%emt 0:00:01]} 27. Nb3 {[%emt 0:00:08]} Kg7 {[%emt 0:00:59]} 28. Kg2 {[%emt 0:00:06]} h5 {[%emt 0:00:03]} 29. h4 {[%emt 0:00:23]} Be7 {[%emt 0:00:04]} 30. N1d2 {[%emt 0:00:21]} Qa4 {[%emt 0:00:44]} 31. Qc3 {[%emt 0:00:45]} Bb4 {[%emt 0:00:06]} 32. Qd3 {[%emt 0:00:18]} Qa2 {[%emt 0:00:38]} 33. Nf3 {[%emt 0:00:40]} Bd6 {[%emt 0:00:02]} 34. Qc3 {[%emt 0:00:21]} Qa3 {[%emt 0:02:54]} 35. Qxc6 {[%emt 0:00:43]} Bxg3 {[%emt 0:00:04]} 36. Qxd5 {[%emt 0:00:23]} Bc7 {[%emt 0:01:11]} 37. Nc5 {[%emt 0:00:33]} Nxc5 {[%emt 0:00:42]} 38. dxc5 {[%emt 0:00:27]} Qa7 {[%emt 0:00:39]} 39. c6 {[%emt 0:00:34]} Kf8 {[%emt 0:00:16]} 40. Qd7 {[%emt 0:00:14]} Qa4 {[%emt 0:00:47]} 41. Qxc7 {[%emt 0:00:11]} 1-0

[Event "ESP-ch Rapid 2018"]
[Site "Linares"]
[Date "2018.08.19"]
[Round "1"]
[White "Iglesias Leon, Francisco J"]
[Black "Ojeda Perez, Jesus"]
[Result "1-0"]
[WhiteElo "2129"]
[BlackElo "1659"]
[Annotator "NA"]
[PlyCount "48"]
[EventDate "2018.08.19"]
[EventType "team-tourn"]
[EventCountry "ESP"]
[SourceTitle "playchess.com"]
[Source "ChessBase"]
[SourceQuality "1"]
[TimeControl "900+5"]

1. Nf3 {[%emt 0:00:00]} f5 {[%emt 0:00:00]} 2. b3 {[%emt 0:00:02]} Nc6 {[%emt 0:00:03]} 3. Bb2 {[%emt 0:00:02]} Nf6 {[%emt 0:00:06]} 4. g3 {[%emt 0:00:03]} e6 {[%emt 0:00:24]} 5. Bg2 {[%emt 0:00:02]} Bc5 {[%emt 0:01:05]} 6. O-O {[%emt 0:00:07]} O-O {[%emt 0:00:06]} 7. c4 {[%emt 0:00:03]} a5 {[%emt 0:01:03]} 8. d3 {[%emt 0:00:17]} a4 {[%emt 0:01:01]} 9. bxa4 {[%emt 0:00:45]} d5 {[%emt 0:02:02]} 10. Nbd2 {[%emt 0:00:28]} Bb6 {[%emt 0:02:26]} 11. Qc2 {[%emt 0:00:27]} Nb4 {[%emt 0:00:42]} 12. Qb3 {[%emt 0:00:11]} Nc6 {[%emt 0:00:22]} 13. cxd5 {[%emt 0:00:12]} Nxd5 {[%emt 0:00:47]} 14. Nc4 {[%emt 0:00:08]} Na5 {[%emt 0:00:40]} 15. Qc2 {[%emt 0:00:44]} Nxc4 {[%emt 0:00:58]} 16. dxc4 {[%emt 0:00:03]} Nb4 {[%emt 0:00:47]} 17. Qc3 {[%emt 0:00:06]} Qe7 {[%emt 0:00:01]} 18. Rfd1 {[%emt 0:00:36]} c6 {[%emt 0:00:47]} 19. Ne5 {[%emt 0:00:25]} Rxa4 {[%emt 0:00:13]} 20. a3 {[%emt 0:00:33]} Nc2 {[%emt 0:00:47]} 21. Qxc2 {[%emt 0:00:05]} Ra5 {[%emt 0:00:18]} 22. Bc3 {[%emt 0:00:48]} Rxa3 {[%emt 0:00:29]} 23. Rxa3 {[%emt 0:00:52]} Qxa3 {[%emt 0:00:03]} 24. Qb2 {[%emt 0:00:03]} Qc5 {[%emt 0:01:04]} 1-0

[Event "ESP-ch Rapid 2018"]
[Site "Linares"]
[Date "2018.08.19"]
[Round "1"]
[White "Perdomo Araujo, Angel Eduardo"]
[Black "Ladron De Guevara Pinto, Paolo"]
[Result "0-1"]
[WhiteElo "2100"]
[BlackElo "2424"]
[Annotator "TA"]
[PlyCount "84"]
[EventDate "2018.08.19"]
[EventType "team-tourn"]
[EventCountry "ESP"]
[SourceTitle "playchess.com"]
[Source "ChessBase"]
[SourceQuality "1"]

{[%evp 12,83,43,31,45,32,51,24,50,27,52,16,43,22,20,0,0,-4,1,3,47,-3,12,-56,-42,-51,-33,-241,-241,-241,-241,-283,-274,-282,-283,-243,-193,-210,-207,-202,-197,-211,-193,-220,-214,-222,-216,-210,-187,-368,-262,-325,-299,-288,-239,-337,-333,-300,-317,-585,-468,-683,-681,-718,-717,-815,-813,-809,-762,-740,-730,-29997,-29994,-29999]} 1. e4 e5 2. Nf3 Nc6 3. Bb5 g6 4. O-O Bg7 5. c3 d6 6. h3 {C60: Spanische Partie} (6. d4 Bd7 7. Be3 Nf6 8. dxe5 Nxe5 9. Nxe5 dxe5 10. Qa4 a6 11. Bxd7+ Qxd7 12. Qxd7+ Kxd7 13. f3 Ke6 14. Rd1 Rhd8 15. Na3 {½-½ (45) Van den Doel,E (2589)-Van Foreest,J (2629) Amstelveen 2017}) 6... Bd7 7. d4 {LiveBook: 4 Partien} Nf6 8. Re1 {Weiß steht etwas besser.} O-O 9. d5 Ne7 10. Bd3 $146 ({Vorgänger:} 10. Bxd7 Qxd7 11. c4 Rae8 12. Nc3 Nh5 13. b4 Nf4 {0-1 (47) Garifullina,L (1942)-Makarenko,A (2243) Sochi 2016}) 10... h6 11. Nbd2 Nh7 12. Nf1 f5 13. exf5 gxf5 {...e4 ist eine echte Drohung.} 14. Bc2 Kh8 15. Ng3 Be8 (15... f4 $5 {[%cal Rf4g3]} 16. Ne4 Nf6 $11) 16. Nh2 Qd7 (16... f4 {seems wilder.} 17. Ne4 Bg6 18. b3 Nf6 19. Nxf6 Bxc2 20. Qxc2 Bxf6 21. c4 h5) 17. Nh5 (17. c4 $11) 17... Bxh5 18. Qxh5 Nxd5 {[%cal Be7d5,Bd5f4,Bf4e2][%mdl 32]} (18... Nf6 $5 {[%cal Rf6h5]} 19. Qh4 f4 $11) 19. Bxh6 $2 ({Besser ist} 19. Bd2 $15) 19... Bxh6 $19 20. Qxh6 Nf4 $1 21. Kh1 {[#]} Rf6 $1 {[%cal Rf6h6]} 22. Qh4 Qg7 {[%csl Gf4][%cal Rg7g2]} 23. Rg1 Rh6 24. Qg3 {[#]} Qxg3 $1 $40 {[%mdl 128] Schwarz riecht Blut.} 25. fxg3 Ne2 {[%cal Re2g3]} 26. Rge1 Nxg3+ 27. Kg1 Rg8 28. Rad1 Ng5 29. Kf2 N5e4+ 30. Kf3 $2 (30. Kg1 {kämpft weiter.}) 30... Nf6 31. Nf1 Rhg6 32. Ne3 Rg5 33. Rg1 (33. Bb3 $142 R8g7 34. Be6) 33... e4+ {[%cal Be5e4,Be4e3][%mdl 32]} 34. Kf2 f4 35. Nc4 $2 (35. Ng4 {einziger Zug.} Nxg4+ 36. hxg4) 35... b5 36. Na5 (36. Nxd6 $142 cxd6 37. Rxd6) 36... Nf5 37. Bb3 R8g7 38. Rde1 e3+ 39. Kf3 Nh4+ 40. Kxf4 Rxg2 {( -> ...Sg6+)} 41. Rh1 R2g3 {[%csl Gh4][%cal Rg3f3]} 42. Re2 Rf3# {Precision: Weiß = 17%, Schwarz = 63%.} 0-1

[Event "ESP-ch Rapid 2018"]
[Site "Linares"]
[Date "2018.08.19"]
[Round "1"]
[White "Arroyo Rodriguez, Jesus"]
[Black "Matnadze, Ana"]
[Result "1/2-1/2"]
[WhiteElo "2099"]
[BlackElo "2378"]
[Annotator "ChessBase"]
[PlyCount "98"]
[EventDate "2018.08.19"]
[EventType "team-tourn"]
[EventCountry "ESP"]
[SourceTitle "playchess.com"]
[Source "ChessBase"]
[SourceQuality "1"]
[TimeControl "900+5"]

1. Nf3 {[%emt 0:03:37]} Nf6 {[%emt 0:00:00]} 2. g3 {[%emt 0:00:07]} b6 {[%emt 0:00:09]} 3. Bg2 {[%emt 0:00:16]} Bb7 {[%emt 0:00:02]} 4. b3 {[%emt 0:00:35]} g6 {[%emt 0:00:08]} 5. Bb2 {[%emt 0:00:07]} Bg7 {[%emt 0:00:02]} 6. O-O {[%emt 0:00:08]} O-O {[%emt 0:00:03]} 7. d3 {[%emt 0:01:24]} d5 {[%emt 0:00:57]} 8. c4 {[%emt 0:00:03]} e6 {[%emt 0:00:18]} 9. Nbd2 {[%emt 0:01:19]} a5 {[%emt 0:00:07]} 10. a3 {[%emt 0:00:06]} c5 {[%emt 0:00:08]} 11. cxd5 {[%emt 0:01:05]} exd5 {[%emt 0:00:06]} 12. d4 {[%emt 0:01:01]} Ne4 {[%emt 0:00:15]} 13. Qc2 {[%emt 0:02:52]} Nd7 {[%emt 0:00:51]} 14. dxc5 {[%emt 0:00:26]} Ndxc5 {[%emt 0:00:13]} 15. Bxg7 {[%emt 0:00:14]} Kxg7 {[%emt 0:00:02]} 16. b4 {[%emt 0:00:41]} Ne6 {[%emt 0:00:22]} 17. Qb2+ {[%emt 0:00:24]} Qf6 {[%emt 0:00:05]} 18. Qxf6+ {[%emt 0:00:05]} Nxf6 {[%emt 0:01:25]} 19. e3 {[%emt 0:00:42]} Rfc8 {[%emt 0:00:37]} 20. Nb3 {[%emt 0:00:32]} Ne4 {[%emt 0:00:51]} 21. bxa5 {[%emt 0:00:04]} bxa5 {[%emt 0:00:04]} 22. Rfc1 {[%emt 0:00:15]} Nc3 {[%emt 0:00:34]} 23. Bf1 {[%emt 0:00:07]} Kf6 {[%emt 0:01:14]} 24. Rc2 {[%emt 0:00:12]} Ne4 {[%emt 0:01:32]} 25. Rac1 {[%emt 0:00:04]} Rxc2 {[%emt 0:00:11]} 26. Rxc2 {[%emt 0:00:00]} g5 {[%emt 0:00:07]} 27. Nfd4 {[%emt 0:00:01]} a4 {[%emt 0:00:43]} 28. Nxe6 {[%emt 0:00:04]} fxe6 {[%emt 0:00:01]} 29. Nd4 {[%emt 0:00:01]} e5 {[%emt 0:01:10]} 30. Nb5 {[%emt 0:00:02]} Rc8 {[%emt 0:00:08]} 31. Bd3 {[%emt 0:00:10]} Rxc2 {[%emt 0:00:36]} 32. Bxc2 {[%emt 0:00:01]} Nc5 {[%emt 0:00:51]} 33. Bxh7 {[%emt 0:00:29]} e4 {[%emt 0:00:01]} 34. h4 {[%emt 0:00:11]} gxh4 {[%emt 0:00:16]} 35. gxh4 {[%emt 0:00:01]} Nd3 {[%emt 0:00:00]} 36. Nd4 {[%emt 0:00:04]} Bc8 {[%emt 0:00:07]} 37. Bg8 {[%emt 0:00:04]} Bb7 {[%emt 0:00:24]} 38. Kg2 {[%emt 0:00:15]} Ne5 {[%emt 0:00:04]} 39. Kg3 {[%emt 0:00:08]} Nc4 {[%emt 0:00:08]} 40. Nc2 {[%emt 0:00:08]} Nd6 {[%emt 0:00:44]} 41. Kf4 {[%emt 0:00:04]} Nb5 {[%emt 0:00:12]} 42. h5 {[%emt 0:00:08]} Kg7 {[%emt 0:00:22]} 43. Be6 {[%emt 0:00:07]} Kf6 {[%emt 0:00:00]} 44. Bg8 {[%emt 0:00:06]} Kg7 {[%emt 0:00:01]} 45. Be6 {[%emt 0:00:05]} Kf6 {[%emt 0:00:02]} 46. Bd7 Nc3 47. h6 Ne2+ 48. Kg4 Nc3 49. Kf4 Ba6 1/2-1/2

[Event "ESP-ch Rapid 2018"]
[Site "Linares"]
[Date "2018.08.19"]
[Round "1"]
[White "Collado Barbas, Laura"]
[Black "Anton Guijarro, David"]
[Result "0-1"]
[WhiteElo "2095"]
[BlackElo "2652"]
[Annotator "TA"]
[PlyCount "68"]
[EventDate "2018.08.19"]
[EventType "team-tourn"]
[EventCountry "ESP"]
[SourceTitle "playchess.com"]
[Source "ChessBase"]
[SourceQuality "1"]

{[%evp 12,68,-2,-26,-18,-66,-41,-64,-55,-63,-34,-45,-37,-41,-33,-52,-38,-47,-18,-49,-47,-62,-53,-95,-38,-42,-44,-64,-36,-27,-23,-31,-23,-81,-70,-96,-56,-120,-68,-134,-125,-182,-195,-170,-201,-336,-336,-664,-666,-1422,-1392,-1355,-1241,-29982,-29983,-29983,-12841,-29979,-29979]} 1. d4 Nf6 2. c4 e6 {[%cal Be7e6,Be6e5][%mdl 32]} 3. Nc3 Bb4 4. Qc2 d6 5. e4 O-O 6. Nf3 {E32: Nimzo-Indian: Classical (4 Qc2): 4...0-0} e5 7. d5 {LiveBook: 8 Games} Na6 8. Bg5 {The position is equal.} h6 (8... Bxc3+ $5 9. bxc3 Bd7 $15) 9. Bh4 Bxc3+ 10. bxc3 Nc5 $146 {...g5 is the strong threat.} ({Predecessor:} 10... g5 11. Bg3 Nh5 12. Nd2 f5 13. exf5 Nc5 {0-1 (39) Toth,B (2395)-Milov,V (2653) Switzerland 2000}) 11. Nd2 $1 g5 12. Bg3 Nh5 13. Be2 Nf4 14. Bxf4 exf4 15. g4 Kg7 16. O-O-O Bd7 17. Rdg1 Qe7 (17... Qf6 $17 18. h4 gxh4) 18. f3 $1 $15 Ba4 $36 {[%mdl 2048] Black has the initiative.} 19. Qb2 Rab8 (19... Qf6 {is more complex.} 20. h4 gxh4 21. Rh2 Rh8 22. Rgh1 h5) 20. Nb3 Bxb3 21. axb3 Nd7 22. Kd2 (22. Qd2 $11 {remains equal.}) 22... Ne5 $17 23. Ra1 a6 24. b4 (24. Qc1 $15) 24... c6 ({Black should play} 24... Rh8 $17 25. h4 h5 26. gxh5 Rxh5) 25. Ra5 {[#]} (25. dxc6 $15 Nxc6 26. h4) 25... h5 $1 {[%mdl 512] And now ...hxg4 would win.} 26. gxh5 (26. h3 $17 {was called for.}) 26... Rh8 $19 27. dxc6 bxc6 28. Rxa6 (28. Qc1 {might work better.} Rxh5 29. Qa1) 28... Rxh5 29. Raa1 $2 {[#]} (29. Qa1 Qe6 30. h4) 29... Rbh8 30. b5 Rxh2 31. Rxh2 Rxh2 32. Qb4 Nxf3+ 33. Kd3 Ne5+ 34. Kd2 f3 {Precision: White = 23%, Black = 66%.} 0-1